Państwa w Europie które kończą się na spółgłoskę - Statystyki

Ogólne statystyki
  • Ten quiz został rozwiązany 44 razy
    41 od ostatniego zresetowania
  • Średni wynik to 4 z 5
Statystyki odpowiedzi
Odpowiedź % Poprawnych
Watykan
95%
Liechtenstein
92%
Luksemburg
92%
Białoruś
84%
Kazachstan
29%
Nie znaleziono quizów pasujących do podanych kryteriów
Rozkład punktacji
Procent ludzi z każdym wynikiem
Percentyl według liczby udzielonych odpowiedzi
Twoja historia wyników
Nie rozwiązałeś tego quizu od ostatniego zresetowania